000 00295nam a2200109 a 4500
001 000013557
005 20200929163253.0
008 091125s1965 ag 000 0 spa d
040 _aDO-SdBNP
_bspa
_cBNPHU
245 0 0 _aColeccion de programas variados No. 2.
260 _aArgentina :
_bVerdad,
_c1965.
999 _c13179
_d13179